ملفات ثورة يوليو : (Record no. 14626)

MARC details
000 -الفاتح
حقل البيانات ثابتة الطول 01013nam a2200277 i 4500
003 - محدد رقم الضبط
رقم الضبط EG-ScBUE
005 - وقت وتاريخ اخر تعامل مع التسجيلة
رقم الضبط 20240716092925.0
008 - عناصر البيانات ثابتة الطول - معلومات عامة
حقل البيانات ثابتة الطول 100805s1997 ua f 000 0 ara d
017 ## - رقم الإيداع القانونى
رقم الإيداع القانونى 1997 / 14251
020 ## - الرقم الدولى المعيارى للكتب
الرقم الدولى المعيارى للكتاب 9775514746
040 ## - مصدر الفهرسة
وكالة الفهرسة الأصلية EG-ScBUE
لغة الفهرسة eng
قواعد الوصف rda
وكالة النسخ EG-ScBUE
وكالة التعديل EG-ScBUE
043 ## - رمز المنطقة الجغرافية
رمز المنطقة الجغرافية f-ua---
082 04 - رقم تصنيف ديوى العشرى
رقم التصنيف 962.054
رقم المادة ح ب ي
رقم الطبعة 22
100 1# - المدخل الرئيسى - إسم شخصى
9 (RLIN) 17138
الإسم الشخصى حبيب، طارق،
الدور مؤلف.
245 10 - بيان العنوان
العنوان ملفات ثورة يوليو :
بقية العنوان شهادات 122 من صناعها ومعاصريها /
بيان المسئوليه,etc طارق حبيب.
250 ## - بيان الطبعة
بيان الطبعة الطبعة الأولى.
264 #1 - النشر، التوزيع
مكان الناشر او الموزع القاهرة :
اسم الناشر او الموزع مركز الأهرام للترجمة والنشر،
تاريخ النشر أو التوزيع 1997.
300 ## - الوصف المادى
التعداد 503 صفحة ؛
أبعاد الوعاء 24 سم
336 ## - نوع المحتوى
source rdacontent
Carrier Type Term نص
Content Type Code txt
337 ## - نوع الوسيط
Media Type Term بدون وسيط
source rdamedia
Media Type Code n
338 ## - نوع الحامل أو الناقل
Carrier Type Term مجلد
Carrier Type Code nc
source rdacarrier
541 ## - تبصرة المصدر المباشر للتزويد
مصدر التزويد ؛ألف باء
طريقة التزويد شراء؛
651 #7 - المدخل الاضافى بالموضوع - اسم جغرافى
9 (RLIN) 17060
الاسم الجغرافي مصر
التقسيم الفرعي العام تاريخ
التقسيم الفرعي الزمني العصر الحديث
-- ثورة 1952م.
مصدر الرأس أو المصطلح BUEsh
655 ## - مصطلح تكشيفى-نوع/شكل
التقسيم الفرعي الشكلي Reading book
942 ## - عناصر المدخل الإضافي( كوها)
مصدر التصنيف او مخطط الترفيف Dewey Decimal Classification
Koha [default] item type Book - Borrowing
Holdings
حالة التراجع حالة الفقد مصدر التصنيف او خطة الترفيف حالة تلف ليس للاعارة مجموعات كوها المكان الدائم المكان الحالي موقع الترفيف تاريخ الاكتساب Source of acquisition رقم الاستدعاء الباركود Date last seen مُعار نوع الوعاء
    Dewey Decimal Classification     Alef-Baa Central Library Central Library Second Floor 05/08/2010 Purchase 962.054 ح ب ي 000021693 15/07/2025 03/04/2011 Book - Borrowing